| 000 | 00566nam a2200193 a 4500 | ||
|---|---|---|---|
| 001 | 11035 | ||
| 003 | CO-ViMGA | ||
| 008 | 141112s2004 ck r 000 u spa d | ||
| 020 | _a9688803731 | ||
| 040 |
_aCO-ViMGA _bspa _cCO-ViMGA |
||
| 082 | 0 | 4 | _a697.9 A47m |
| 100 | 1 |
_aChacón Paz, Miguel _915239 |
|
| 245 | 1 | 0 | _aManual de aire acondicionado y refrigeración |
| 260 |
_aMexico, _cPrentice - Hall HispanoAméricana |
||
| 300 | _aV.1, V.2, V.3 V.4 | ||
| 500 | _aVol. y núm. : 2 | ||
| 650 | 1 | 4 |
_aAIRE ACONDIACINADO - MANAULES REFRIGERACION _915240 |
| 942 |
_2ddc _cBK |
||
| 999 |
_c22251 _d22251 |
||